00784cam a2200229 a 450000100100000000500170001000800410002702000150006804000200008308200180010310000500012124500500017126000320022130000210025349000250027465000280029965000310032783000320035891000280039095201210041899900150053900000807620200929154425.0790502s1977 sp 000 1 spa  a8420420026 aDO-SdBNPdBNPHU a863.64bM645v1 aMillás García, Juan José,d1946-92198310aVisión del ahogado /cJuan José Millás. aMadrid :bAlfaguara,c1977. a238 p. ;c20 cm.0 aLiteratura Alfaguara 4aNovela española91123 4aLiteratura española9632 0aLiteratura Alfaguara913319 aCatalogación derivada 001052708MOaGRbGRcCTd2009-09-14iLF1l0o863.64 M645vp8076-10r2020-06-25w2020-06-25y2ZPréstamo interno c7853d7853